| 000 | 00529nam a22001937a 4500 | ||
|---|---|---|---|
| 003 | OSt | ||
| 005 | 20160419134932.0 | ||
| 008 | 160419b xxu||||| |||| 00| 0 eng d | ||
| 020 | _a9781405183222 | ||
| 040 | _cDNLM | ||
| 082 | _aWH120 H118s 2009 | ||
| 100 |
_aMcCann, Shaun [et...al] _98071 |
||
| 245 | _aHaematology: Clinical cases uncovered | ||
| 260 | _aUK; Wiley-Blackwell, 2009 | ||
| 300 | _aix,190p; col.ill: 25cm | ||
| 504 | _aAppendix, glossary, & index included | ||
| 650 |
_aHaematology _9898 |
||
| 942 |
_2z _cO_SHELF |
||
| 999 |
_c3621 _d3621 |
||